000 00688nam a2200241Ia 4500
003 OSt
005 20220926014715.0
006 a|||||r|||| 00| 0
007 ta
008 220923b |||||||| |||| 00| 0 eng d
037 _cGeneral Book
040 _aRTL
_cRTL
_beng
041 _2eng
_aeng
082 _aX:952, K5;L5
100 _aLopez Felix M
_9128056
245 0 _aPersonnel interviewing
_b Theory and practice
250 _a2nd
260 _aNew York
_bMcgraw-hill USA
_c1975
300 _axiii, 356p. Bib p 335-38
_ccm.
650 _aEmployment and service
_9236902
942 _hX:952, K5;L5
_cGB
_2CC
999 _c629678
_d629678